Pevný bod poézie O svojej novej zbierke hovorí poetka Jana Kantorová-Báliková

Bibliographic Details
Main Authors: -ra- (Author), Kantorová-Báliková, Jana, 1951- (Author)
Format: Article
Language:Slovak
Subjects:

MARC

LEADER 00000nab a2200000 a 4500
001 vtls000332404
003 SK-MaSNL
005 20260303164343.0
008 160215c1988 xo 0 slo
015 |a SNBRB19rr/mm-uuuuu 
035 |a CL0332526 
040 |a SNKBUCL  |b slo  |c SNKBUCL  |e AACR2 
041 0 |a slo 
044 |a xo  |c SK 
080 |a 82:929:885.4  |2 1981 
080 |a 929  |2 1981 
080 |a 885.4  |2 1981 
080 |a 929 Kantorová-Báliková, Jana  |2 1981 
100 1 |a -ra-  |4 aut  |9 921451 
245 1 0 |a Pevný bod poézie  |b O svojej novej zbierke hovorí poetka Jana Kantorová-Báliková  |c -ra-, Jana Kantorová-Báliková 
600 1 7 |a Kantorová-Báliková, Jana,  |d 1951-  |2 snkbucl  |9 160814 
655 7 |a články z novín a časopisov  |2 snkbucl  |9 267496 
655 7 |a články z odboru literárna veda a krásna literatúra  |2 snkbucl  |9 770045 
700 1 |a Kantorová-Báliková, Jana,  |d 1951-  |4 aut  |9 160814 
773 0 |t Večerník  |g Roč. 33, č. 168 (26. 8. 1988), s. 7 
850 |a Slovenská národná knižnica v Martine  |a MTA001 
852 |a SNK  |b KIS3GCP 
958 |a BX 
958 |a RK 
958 |a LX 
992 |a RBX 
999 |c 2064722  |d 2066652